Top 2 Football Players of all time - Statistics

General Stats
  • This quiz has been taken 88 times
  • The average score is 6 of 15
Answer Stats
Hint Answer % Correct
Inter miami Messi
99%
Paris saint-germain Mbappe
63%
Manchester City Haaland
59%
Liverpool Fc Salah
54%
Manchester City De bruyne
51%
Real Madrid Vinicius
47%
Bayer munich Kane
46%
Arsenal Saka
39%
Real Madrid Bellingham
35%
Manchester City Rodri
35%
Manchester City Foden
28%
Arsenal Rice
22%
Aston villa Watkins
17%
Barcelona Araujo
7%
Inter L.Martinez
0%
No matching quizzes found
Score Distribution
Percent of People with Each Score
Percentile by Number Answered
Your Score History
You have not taken this quiz